Herbal plants and their applications in cosmeceuticals

Gespeichert in:
Bibliographische Detailangaben
1. Verfasser: DAS, Kuntai
Format: Buch
Sprache:Englisch
Veröffentlicht: CBS Publishers 2014
Tags: Tag hinzufügen
Keine Tags, Fügen Sie den ersten Tag hinzu!

MARC

LEADER 00000nam a22000007a 4500
008 230110b |||||||| |||| 00| 0 eng d
020 |a 9788123922966 
100 |a DAS, Kuntai 
245 |a Herbal plants and their applications in cosmeceuticals  |c Kuntai Das  |g 354p;ill 
260 |b CBS Publishers  |c 2014  |h New Delhi  |i 697102  |i 697103  |l TP983.D26  |m Cosmetics  |m Herbal cosmetics  |m Natural products 
500 |a it includes references and index 
942 |a lcc  |c BK  |e Johnson  |f 10/01/23 
952 |0 0  |1 0  |2 lcc  |4 0  |7 0  |9 4125  |a TL  |b HOL  |c QZ  |d 2023-01-10  |l 0  |p 2023-0056  |r 2023-01-10 00:00:00  |t 697102  |w 2023-01-10  |y BK 
952 |0 0  |1 0  |2 lcc  |4 0  |7 0  |9 4126  |a HOL  |b HOL  |c QZ  |d 2023-01-10  |l 0  |p 2023-0057  |r 2023-01-10 00:00:00  |t 697103  |w 2023-01-10  |y BK 
999 |c 2068  |d 2068